[Event "Tourn. n9054"]
[Site "www.chess-mail.com"]
[Date "2016.12.28"]
[Round "1"]
[White "Madz123456"]
[Black "Passaroa25"]
[WhiteElo "1420"]
[BlackElo "1590"]
[Result "1-0"]
[Round "1"]
1.e4 c6
2.c4 d6
3.d4 e6
4.Nb1c3 Nb8d7
5.Bf1e2 Nd7b6
6.Ng1f3 h6
7.O-O Ng8e7
8.Bc1e3 Ne7g6
9.e5 Bf8e7
10.exd6 Be7f6
11.Nc3e4 O-O
12.Be2d3 Bc8d7
13.Rf1e1 Qd8b8
14.Ne4xf6 gxf6
15.Be3xh6 Rf8e8
16.Nf3h4 Ng6xh4
17.Qd1g4 Kh8
18.Qg4g7 
1-0

[Event "Tourn. n9124"]
[Site "www.chess-mail.com"]
[Date "2016.12.28"]
[Round "1"]
[White "Nulladies"]
[Black "Caspito"]
[WhiteElo "1870"]
[BlackElo "1880"]
[Result "0-1"]
[Round "1"]
1.d4 Ng8f6
2.Bc1f4 g6
3.Ng1f3 Bf8g7
4.e3 d6
5.c3 Bc8g4
6.h3 Bg4f5
7.Nb1d2 O-O
8.g4 Bf5e4
9.Nd2xe4 Nf6xe4
10.Nf3d2 Ne4xd2
11.Qd1xd2 Nb8d7
12.Bf1g2 c6
13.c4 b6
14.Bg2xc6 Ra8b8
15.h4 Nd7f6
16.h5 Rb8c8
17.h6 Bg7h8
18.d5 Nf6xg4
19.f3 Ng4e5
20.Bf4xe5 dxe5
21.e4 e6
22.b4 a6
23.a4 exd5
24.exd5 Qd8d6
25.Ra1c1 Rc8c7
26.O-O e4
27.fxe4 Rc7xc6
28.Rf1d1 Qd6g3
29.Qd2g2 Qg3e3
30.Qg2f2 Qe3xf2
31.Kxf2 Rc6f6
32.Kg3 Rf8e8
33.Rd1e1 Re8e5
34.c5 Re5g5
35.Kh2 Rf6f2
36.Kh1 Bh8e5
{ resign }
0-1

[Event "Tourn. n8992"]
[Site "www.chess-mail.com"]
[Date "2016.12.28"]
[Round "1"]
[White "Ciappo"]
[Black "Greghghs"]
[WhiteElo "2510"]
[BlackElo "2310"]
[Result "1-0"]
[Round "1"]
1.d4 Ng8f6
2.c4 c5
3.d5 b5
4.cxb5 a6
5.bxa6 g6
6.Nb1c3 Bc8xa6
7.e4 Ba6xf1
8.Kxf1 d6
9.Ng1f3 Bf8g7
10.g3 O-O
11.Kg2 Nb8d7
12.a4 Nd7b6
13.Qd1c2 Nf6e8
14.Bc1f4 Ne8c7
15.Nf3d2 Nc7a6
16.a5 Na6b4
17.Qc2d1 Nb6d7
18.Nd2c4 Qd8c8
19.Qd1e2 Qc8b7
20.Rh1d1 h6
21.h4 Rf8b8
22.Nc3a4 Qb7b5
23.Rd1e1 Qb5b7
24.Na4b6 Nd7xb6
25.axb6 Rb8d8
26.Ra1a3 Ra8a6
27.Re1a1 Rd8a8
28.Ra3xa6 Ra8xa6
29.Ra1a3 Ra6xa3
30.bxa3 Nb4a6
31.Qe2c2 Na6b8
32.Qc2a4 { resign }
1-0

[Event "Tourn. n9090"]
[Site "www.chess-mail.com"]
[Date "2016.12.28"]
[Round "1"]
[White "Osopanda"]
[Black "Norlavuaram"]
[WhiteElo "2090"]
[BlackElo "2240"]
[Result "0-1"]
[Round "1"]
1.d4 Ng8f6
2.c4 e6
3.Nb1c3 c5
4.d5 exd5
5.cxd5 d6
6.e4 g6
7.Bf1b5 Nb8d7
8.Ng1f3 a6
9.Bb5e2 b5
10.Bc1g5 Bf8g7
11.a3 O-O
12.O-O Rf8e8
13.Rf1e1 Qd8c7
14.Be2d3 c4
15.Bd3c2 Nd7c5
16.Ra1c1 Bc8g4
17.h3 Bg4xf3
18.Qd1xf3 Nf6d7
19.Nc3e2 Nd7e5
20.Qf3g3 h6
21.Bg5f4 Qc7d7
22.Bf4e3 Nc5d3
23.Bc2xd3 Ne5xd3
24.Ne2d4 Nd3xc1
25.Re1xc1 Bg7e5
26.f4 Be5g7
27.Nd4c6 Re8xe4
28.Be3f2 Bg7xb2
29.Rc1b1 c3
30.Qg3d3 Ra8e8
31.Rb1f1 Re4e2
32.f5 Qd7xf5
33.Qd3xf5 gxf5
34.Bf2d4 Re2d2
35.Rf1xf5 Re8e2
36.Rf5h5 Re2xg2
37.Kh1 Rg2e2
38.Rh5xh6 Rd2d1
39.Bd4g1 c2
{ resign }
0-1

[Event "Tourn. n9070"]
[Site "www.chess-mail.com"]
[Date "2016.12.28"]
[Round "1"]
[White "Manuelito"]
[Black "Falcoale"]
[WhiteElo "1730"]
[BlackElo "1860"]
[Result "0-1"]
[Round "1"]
1.d4 Ng8f6
2.e3 e6
3.Ng1f3 b6
4.Bf1e2 Bc8b7
5.O-O Bf8e7
6.c4 O-O
7.Nb1c3 d5
8.cxd5 Nf6xd5
9.Nc3xd5 Bb7xd5
10.a3 Nb8d7
11.b4 Qd8c8
12.Bc1b2 Rf8d8
13.Be2d3 c5
14.Qd1d2 c4
15.Bd3e2 b5
16.Ra1c1 Nd7b6
17.Nf3e5 Nb6a4
18.Rf1d1 Qc8b7
19.Be2f3 f6
20.Bf3xd5 exd5
21.Ne5f3 Na4xb2
22.Qd2xb2 a5
23.Rc1a1 Ra8a7
24.h3 Rd8c8
25.g3 a4
26.Kg2 Qb7d7
27.Qb2c2 c3
28.Ra1c1 Ra7c7
29.Rd1d3 Qd7c6
30.Nf3g1 Qc6c4
31.Ng1e2 Qc4b3
32.Ne2xc3 Qb3xa3
33.Qc2d2 Be7xb4
34.Rc1a1 Bb4xc3
35.Ra1xa3 Bc3xd2
36.Rd3xd2 Rc7c3
{ resign }
0-1

[Event "Tourn. n9107"]
[Site "www.chess-mail.com"]
[Date "2016.12.28"]
[Round "1"]
[White "Osopanda"]
[Black "B0zata"]
[WhiteElo "2000"]
[BlackElo "2240"]
[Result "0-1"]
[Round "1"]
1.d4 d5
2.c4 e5
3.e3 exd4
4.exd4 Bf8b4
5.Nb1c3 Bb4xc3
6.bxc3 Ng8f6
7.Ng1f3 O-O
8.Bf1e2 Nf6e4
9.Qd1c2 c6
10.O-O Bc8f5
11.Qc2b3 b6
12.Bc1a3 Rf8e8
13.Ra1e1 Bf5g4
14.Nf3e5 Ne4d2
15.Be2xg4 Nd2xb3
16.axb3 g6
17.f4 f5
18.Bg4f3 Kg7
19.cxd5 cxd5
20.g3 a5
21.Ba3b2 Ra8a7
22.c4 dxc4
23.bxc4 Ra7c7
24.d5 Kg8
25.d6 Qd8xd6
26.Bf3d5 Kf8
27.Rf1f3 Nb8d7
28.Rf3e3 Nd7xe5
29.Bb2xe5 Re8xe5
30.Re3xe5 a4
31.Re5e6 Qd6c5
32.Kg2 a3
33.Re6e8 Kg7
34.Re8g8 Kh6
35.h3 Qc5d4
36.Rg8e8 a2
{ resign }
0-1

[Event "Tourn. n9107"]
[Site "www.chess-mail.com"]
[Date "2016.12.28"]
[Round "1"]
[White "Norlavuaram"]
[Black "Osopanda"]
[WhiteElo "2160"]
[BlackElo "2000"]
[Result "1-0"]
[Round "1"]
1.e4 c5
2.Ng1f3 Nb8c6
3.d4 cxd4
4.Nf3xd4 d6
5.Bf1c4 e6
6.Bc1e3 Ng8f6
7.f3 Bf8e7
8.a3 O-O
9.Nb1c3 a6
10.Bc4a2 Qd8c7
11.Qd1d2 Rf8d8
12.O-O-O b5
13.g4 Bc8b7
14.g5 Nf6e8
15.h4 Nc6xd4
16.Qd2xd4 f6
17.Ba2xe6 Kh8
18.Be6d5 Bb7xd5
19.Nc3xd5 Qc7b7
20.Nd5xe7 Qb7xe7
21.f4 Ra8c8
22.f5 Qe7e5
23.Qd4xe5 dxe5
24.h5 Ne8d6
25.Be3b6 Rd8d7
26.Rd1d5 Rc8c6
27.Bb6e3 Kg8
28.gxf6 gxf6
29.Rh1d1 Kf7
30.Be3c5 Ke7
31.Rd1g1 Kf7
32.h6 Rc6xc5
33.Rd5xc5 Nd6xe4
34.Rg1g7 Ke8
35.Rc5c8 { resign }
1-0

[Event "Match"]
[Site "www.echecsemail.com"]
[Date "2016.12.28"]
[Round "1"]
[White "Actmy"]
[Black "Canario"]
[WhiteElo "1499"]
[BlackElo "1850"]
[Result "1-0"]
[Round "1"]
1.e4 e5
2.f4 exf4
3.Ng1f3 Bf8c5
4.d4 Bc5b6
5.Bc1xf4 d5
6.e5 Bc8f5
7.Nb1c3 Nb8c6
8.Bf1b5 a6
9.Bb5a4 Ng8e7
10.Qd1d2 O-O
11.O-O-O Ne7g6
12.Bf4g5 Qd8d7
13.h4 Bf5g4
14.h5 Ng6e7
15.h6 g6
16.Bg5xe7 Qd7xe7
17.Nc3xd5 Qe7e6
18.Nd5f6 Kh8
19.d5 Qe6f5
20.dxc6 Bg4xf3
21.gxf3 Qf5xf3
22.Rh1f1 Qf3e3
23.cxb7 Ra8d8
24.Qd2xe3 Bb6xe3
25.Kb1 Be3a7
26.Rd1d7 Rd8xd7
27.Nf6xd7 Rf8d8
28.Rf1xf7 Kg8
29.e6 { resign }
1-0

[Event "Match"]
[Site "www.echecsemail.com"]
[Date "2016.12.28"]
[Round "1"]
[White "Billyg"]
[Black "Jobeye"]
[WhiteElo "1730"]
[BlackElo "2419"]
[Result "0-1"]
[Round "1"]
1.e4 c5
2.Ng1f3 e6
3.d4 Nb8c6
4.d5 exd5
5.Qd1e2 d4
6.c3 dxc3
7.bxc3 g6
8.e5 Bf8g7
9.Bc1b2 Qd8a5
10.Nb1a3 Nc6d4
11.Nf3xd4 cxd4
12.Na3c4 Qa5d5
13.Nc4d6 Kd8
14.Ra1d1 Bg7xe5
15.Nd6xf7 Qd5xf7
16.Qe2xe5 Ng8f6
17.Bf1e2 Rh8e8
18.Qe5xd4 Re8e4
19.Qd4c5 Qf7xa2
20.Rd1d2 Qa2b1
21.Rd2d1 Qb1xb2
22.Qc5f8 Nf6e8
23.Qf8f3 Re4e7
24.Rd1d2 Qb2b6
25.O-O a5
26.Be2d3 d6
27.Rf1b1 Qb6xb1
28.Bd3f1 Re7e1
29.h3 Re1xf1
30.Kh2 Qb1b6
31.Qf3f4 Ra8a6
32.Qf4g5 Kc7
33.Qg5f4 Bc8d7
34.Qf4c4 Bd7c6
35.Qc4xf1 Bc6b5
36.Qf1e1 Ne8f6
37.Qe1e7 Nf6d7
38.f3 h5
39.Qe7f7 Qb6e3
40.Rd2d5 Bb5f1
41.Rd5g5 Qe3xg5
42.Qf7a2 h4
43.Qa2f2 Bf1c4
44.Qf2c2 Qg5g3
45.Kg1 Nd7e5
46.Qc2a4 Ne5xf3
{ resign }
0-1

[Event "Match"]
[Site "www.echecsemail.com"]
[Date "2016.12.28"]
[Round "1"]
[White "Juodivarnai"]
[Black "Guidom"]
[WhiteElo "2110"]
[BlackElo "2170"]
[Result "1-0"]
[Round "1"]
1.e4 e5
2.Ng1f3 Nb8c6
3.Bf1b5 a6
4.Bb5a4 Ng8f6
5.O-O d6
6.d4 exd4
7.Nf3xd4 Bc8d7
8.Nb1c3 Bf8e7
9.Nd4xc6 bxc6
10.Bc1g5 O-O
11.Rf1e1 h6
12.Bg5h4 Ra8b8
13.Ra1b1 c5
14.e5 Nf6e8
15.Bh4xe7 Qd8xe7
16.exd6 Qe7xd6
17.Qd1xd6 cxd6
18.Ba4xd7 { resign }
1-0

[Event "Match"]
[Site "www.echecsemail.com"]
[Date "2016.12.28"]
[Round "1"]
[White "Istomc"]
[Black "Azorau"]
[WhiteElo "1630"]
[BlackElo "1840"]
[Result "0-1"]
[Round "1"]
1.e4 e5
2.Ng1f3 Nb8c6
3.Bf1b5 Nc6d4
4.Nf3xd4 exd4
5.a4 c6
6.Bb5c4 d5
7.exd5 cxd5
8.Bc4b5 Bc8d7
9.Qd1e2 Bf8e7
10.Qe2e5 f6
11.Qe5xd5 b6
12.Qd5xd4 Be7c5
13.Qd4e4 Qd8e7
14.Qe4xe7 Ng8xe7
15.O-O Bd7xb5
16.axb5 O-O
17.d3 Rf8e8
18.Nb1c3 Ne7f5
19.Nc3d5 Nf5d4
20.Nd5c7 Nd4xc2
21.Ra1b1 Ra8c8
22.Nc7xe8 Rc8xe8
23.Bc1d2 Nc2d4
24.Bd2c3 Nd4xb5
25.Rb1a1 a5
26.d4 Bc5xd4
27.Bc3xd4 Nb5xd4
28.Ra1d1 Nd4e2
29.Kh1 Ne2f4
30.g3 Nf4g6
31.Rd1d6 Re8b8
32.Rf1b1 b5
33.f4 Ng6e7
34.b3 Ne7c8
35.Rd6d8 Kf7
36.Rb1c1 a4
37.Rc1xc8 Rb8xc8
38.Rd8xc8 axb3
39.Rc8c1 Ke6
40.Kg1 Kd5
41.Kf2 Kd4
42.Ke2 b2
43.Rc1b1 Kc3
44.Kd1 b4
45.g4 Kb3
 { time }
0-1

[Event "Match"]
[Site "www.echecsemail.com"]
[Date "2016.12.28"]
[Round "1"]
[White "Jaguar91"]
[Black "Krystek23"]
[WhiteElo "2230"]
[BlackElo "2340"]
[Result "0-1"]
[Round "1"]
1.e4 c5
2.Ng1f3 Nb8c6
3.d4 cxd4
4.Nf3xd4 e6
5.Nb1c3 Qd8c7
6.Bf1c4 a6
7.O-O Ng8f6
8.Bc1e3 Nc6xd4
9.Qd1xd4 Nf6g4
10.e5 Ng4xe5
11.Bc4b3 Ne5c6
12.Qd4g4 Bf8d6
13.h3 Bd6e5
14.f4 Be5xc3
15.bxc3 g6
16.f5 Qc7e5
17.Be3h6 gxf5
18.Qg4g5 Qe5c5
19.Kh1 Nc6e7
20.Ra1e1 b5
21.Qg5f6 Rh8g8
22.Re1e5 Qc5xc3
23.Rf1xf5 Ne7xf5
24.Re5xe6 dxe6
25.Qf6xc3 Bc8b7
26.Qc3c7 Bb7xg2
27.Kg1 Nf5xh6
28.c4 Nh6f5
29.c5 Bg2e4
30.Kf2 Rg8g2
31.Ke1 Ra8d8
32.a4 Be4f3
33.axb5 Rg2e2
34.Kf1 Nf5e3
35.Kg1 Re2g2
{ resign }
0-1

[Event "Fast Game"]
[Site "www.echecsemail.com"]
[Date "2016.12.28"]
[Round "1"]
[White "Yoj"]
[Black "Jobeye"]
[WhiteElo "1599"]
[BlackElo "1770"]
[Result "1-0"]
[Round "1"]
1.b3 d5
2.Bc1b2 c5
3.e3 Nb8c6
4.Bf1b5 Bc8d7
5.Ng1f3 a6
6.Bb5xc6 Bd7xc6
7.Nf3e5 Bc6b5
8.Qd1f3 f6
9.Qf3h5 g6
10.Ne5xg6 hxg6
11.Qh5xh8 Ng8h6
12.Qh8h7 Nh6f5
13.Qh7xg6 { resign }
1-0

[Event "Tourn. n9149"]
[Site "www.chess-mail.com"]
[Date "2016.12.29"]
[Round "1"]
[White "Mitja"]
[Black "B0zata"]
[WhiteElo "2020"]
[BlackElo "2230"]
[Result "1-0"]
[Round "1"]
1.d4 d5
2.e3 g6
3.c3 Nb8c6
4.h3 Ng8f6
5.Ng1f3 Nf6e4
6.Nb1d2 f5
7.Nd2xe4 fxe4
8.Nf3d2 Bf8g7
9.b3 O-O
10.Bc1a3 Rf8f7
11.Bf1e2 e5
12.dxe5 Bg7xe5
13.Ba3b2 Qd8f6
14.Rh1f1 Be5xc3
15.Bb2xc3 Qf6xc3
16.Ra1c1 Qc3e5
17.Qd1c2 Bc8e6
18.Qc2c5 Ra8f8
19.f3 Qe5g3
20.Rf1f2 d4
21.Nd2xe4 Qg3h4
22.exd4 Be6xh3
23.gxh3 Rf7xf3
24.Be2xf3 Rf8xf3
25.Qc5d5 Kg7
26.Rc1c2 Nc6b4
27.Rc2xc7 Kf8
28.Qd5d6 Kg8
29.Qd6e6 Kf8
30.Qe6c8 { resign }
1-0

[Event "Tourn. n9026"]
[Site "www.chess-mail.com"]
[Date "2016.12.29"]
[Round "1"]
[White "Albertf"]
[Black "Falcoale"]
[WhiteElo "1860"]
[BlackElo "1730"]
[Result "1-0"]
[Round "1"]
1.e4 c5
2.Ng1f3 e6
3.d4 cxd4
4.Nf3xd4 b6
5.f3 Bc8b7
6.Nb1c3 a6
7.Bc1e3 Nb8c6
8.Nd4xc6 Bb7xc6
9.Qd1d2 Bf8b4
10.O-O-O Ra8c8
11.Qd2d4 Bb4xc3
12.Qd4xc3 Ng8f6
13.Bf1xa6 Bc6b7
14.Qc3d3 Bb7xa6
15.Qd3xa6 Rc8a8
16.Qa6xb6 Qd8xb6
17.Be3xb6 O-O
18.a3 d5
19.exd5 Nf6xd5
20.Bb6c5 Rf8c8
21.Bc5b4 Nd5xb4
22.axb4 Ra8a1
23.Kd2 Rc8d8
24.Ke2 Ra1a8
25.Rd1xd8 Ra8xd8
26.Rh1d1 Rd8c8
27.c3 Kf8
28.h3 Ke7
29.Ke3 f5
30.g3 g6
31.f4 Rc8c4
32.Rd1d4 Rc4c7
33.c4 Kf6
34.b3 Rc7e7
35.b5 e5
36.Rd4d6 Kf7
37.b6 exf4
38.Kxf4 Re7b7
39.c5 Ke7
40.h4 Rb7b8
41.b4 Rb8a8
42.b5 h6
43.Rd6d4 Ra8a5
44.Rd4b4 Kd7
45.c6 Kc8
46.b7 Kb8
47.g4 fxg4
48.Kxg4 Ra5a1
49.Rb4b3 Ra1g1
50.Rb3g3 Rg1b1
51.Rg3c3 Rb1xb5
52.c7 { resign }
1-0

[Event "Tourn. n8980"]
[Site "www.chess-mail.com"]
[Date "2016.12.29"]
[Round "1"]
[White "Egdiogel"]
[Black "Tartan"]
[WhiteElo "2270"]
[BlackElo "2490"]
[Result "1/2-1/2"]
[Round "1"]
1.d4 Ng8f6
2.c4 e6
3.g3 d5
4.Bf1g2 c5
5.cxd5 Nf6xd5
6.Ng1f3 cxd4
7.O-O Bf8c5
8.Nf3xd4 O-O
9.a3 Bc5b6
10.Nd4b5 Nb8c6
11.Nb1c3 a6
12.Nc3xd5 exd5
13.Nb5c3 Bc8e6
14.Nc3xd5 Nc6d4
15.e4 Ra8c8
16.Bc1e3 Be6xd5
17.exd5 Nd4b5
18.Bg2h3 f5
19.a4 Nb5d6
20.Be3f4 g5
21.Bf4xd6 Qd8xd6
22.Rf1e1 Qd6b4
23.Qd1e2 Qb4d6
24.Ra1d1 Rf8f6
25.Qe2h5 h6
26.Re1e2 Qd6d7
27.d6 Qd7xa4
28.Re2d2 Qa4d7
29.Rd2e2 Rf6xd6
30.Rd1xd6 Qd7xd6
31.Bh3xf5 Rc8c1
32.Kg2 Kg7
33.h4 Qd6d5
34.Bf5e4 Qd5f7
35.Qh5xf7 Kxf7
{ draw }
1/2-1/2

[Event "Tourn. n9093"]
[Site "www.chess-mail.com"]
[Date "2016.12.29"]
[Round "1"]
[White "Cal"]
[Black "Winston"]
[WhiteElo "1540"]
[BlackElo "1469"]
[Result "0-1"]
[Round "1"]
1.c4 c5
2.Nb1c3 Nb8c6
3.e3 e6
4.d3 Ng8f6
5.Ng1f3 d5
6.cxd5 Nf6xd5
7.e4 Nd5xc3
8.bxc3 Qd8a5
9.Bc1f4 Qa5xc3
10.Bf4d2 Qc3f6
11.h3 Nc6d4
12.Bf1e2 Nd4xe2
13.Kxe2 Bf8d6
14.Rh1e1 O-O
15.Kf1 Bc8d7
16.Bd2g5 Qf6c3
17.Bg5h4 b5
18.Re1e3 Bd6f4
19.Bh4e7 Bf4xe3
20.fxe3 Rf8e8
21.Qd1e2 Qc3xa1
22.Kf2 Re8xe7
23.d4 c4
24.e5 c3
25.Nf3e1 a5
26.Ne1d3 Ra8c8
27.Nd3c5 Qa1b2
28.Nc5d3 Qb2xe2
29.Kxe2 Bd7e8
30.a3 Re7c7
31.Nd3f4 c2
32.Nf4d3 c1Q
33.Nd3xc1 Rc7xc1
34.g4 b4
35.axb4 axb4
{ resign }
0-1

[Event "Tourn. n9146"]
[Site "www.chess-mail.com"]
[Date "2016.12.29"]
[Round "1"]
[White "Jobeye"]
[Black "Norlavuaram"]
[WhiteElo "1970"]
[BlackElo "2150"]
[Result "0-1"]
[Round "1"]
1.Ng1f3 Ng8f6
2.Nb1c3 g6
3.e4 d6
4.d4 Bf8g7
5.Bc1e3 O-O
6.Bf1d3 c6
7.b4 Qd8c7
8.a4 e5
9.a5 Nb8d7
10.Nc3e2 c5
11.bxc5 dxc5
12.c3 exd4
13.cxd4 cxd4
14.Be3xd4 Nd7c5
15.Bd4e5 Nc5xd3
16.Qd1xd3 Qc7e7
17.Be5d6 Qe7xe4
18.Qd3a3 Rf8e8
19.Nf3g1 Nf6d5
20.f3 Qe4c4
21.Ra1c1 Qc4a6
22.Rc1c5 Nd5f6
23.Rc5e5 Bc8e6
24.Ne2f4 Ra8d8
25.Bd6c7 Be6c8
26.Re5xe8 Rd8xe8
27.Nf4e2 Bc8f5
28.g4 Bf5d3
29.h4 Bd3xe2
30.Rh1h2 Be2xf3
31.Kf2 Bf3xg4
{ resign }
0-1

[Event "Tourn. n9046"]
[Site "www.chess-mail.com"]
[Date "2016.12.29"]
[Round "1"]
[White "Bojan"]
[Black "Taxrama"]
[WhiteElo "1960"]
[BlackElo "1800"]
[Result "1-0"]
[Round "1"]
1.b4 e5
2.a3 Nb8c6
3.Bc1b2 Bf8d6
4.e4 Ng8f6
5.Qd1f3 O-O
6.Nb1c3 Nc6d4
7.Qf3d1 c6
8.d3 a5
9.Ng1e2 Qd8b6
10.Nc3a4 Qb6a7
11.Na4c3 Nf6g4
12.Ne2xd4 Ng4xf2
13.Qd1f3 Nf2xh1
14.Nd4f5 Qa7f2
15.Qf3xf2 Nh1xf2
16.Nf5xd6 Nf2g4
17.h3 Ng4f6
18.Nc3d1 Nf6e8
19.Nd6xc8 Ra8xc8
20.Bb2xe5 Rc8a8
21.c3 d6
22.Be5d4 Ra8a6
23.Bd4f2 Ne8f6
24.Bf2g3 d5
25.Bg3d6 Rf8e8
26.e5 b6
27.Nd1e3 g6
28.Kd2 axb4
29.cxb4 d4
30.Ne3c2 Nf6d5
31.Nc2xd4 c5
32.bxc5 bxc5
33.Nd4b5 Ra6b6
34.a4 Rb6b7
35.Bf1e2 Nd5f4
36.Be2f3 Rb7d7
37.Bf3c6 Re8xe5
38.Bc6xd7 Re5e2
39.Kd1 Re2f2
40.Ra1a3 Nf4xg2
41.Bd6xc5 Rf2f1
42.Kc2 Rf1e1
43.a5 Re1e5
44.d4 Re5d5
45.Bd7c6 Rd5d8
46.Bc6xg2 Rd8c8
47.a6 h5
48.a7 Kh7
49.a8Q Rc8xa8
50.Ra3xa8 { resign }
1-0

[Event "Tourn. n9076"]
[Site "www.chess-mail.com"]
[Date "2016.12.29"]
[Round "1"]
[White "Bojan"]
[Black "Falcoale"]
[WhiteElo "2000"]
[BlackElo "1860"]
[Result "1-0"]
[Round "1"]
1.e4 c5
2.Ng1f3 e6
3.Bf1c4 Nb8c6
4.d4 cxd4
5.Nf3xd4 Ng8f6
6.Bc1g5 Bf8e7
7.f3 Nc6e5
8.Bc4e2 O-O
9.f4 Ne5c6
10.a3 Nf6xe4
11.Bg5xe7 Qd8xe7
12.Nd4f3 Rf8d8
13.Nb1d2 Ne4xd2
14.Qd1xd2 d5
15.Nf3d4 Qe7f6
16.Nd4xc6 bxc6
17.c3 Bc8b7
18.O-O d4
19.c4 c5
20.Qd2d3 Qf6e7
21.Rf1f2 f5
22.Qd3h3 Qe7f6
23.Be2d3 Rd8d7
24.Ra1e1 g6
25.Qh3h6 Rd7e7
26.h4 Ra8f8
27.h5 gxh5
28.Qh6xh5 Re7g7
29.Bd3e2 Qf6d8
30.Be2f3 Bb7xf3
31.Qh5xf3 Rf8f6
32.Qf3c6 Rg7e7
33.Qc6xc5 d3
34.Re1d1 Re7c7
35.Qc5b4 Qd8c8
36.b3 Rc7b7
37.Qb4c3 Qc8c5
38.Qc3xf6 Qc5e7
39.Qf6xe7 Rb7xe7
40.Rd1xd3 Kf7
41.Rf2d2 { resign }
1-0

[Event "Tourn. n9006"]
[Site "www.chess-mail.com"]
[Date "2016.12.29"]
[Round "1"]
[White "Falcoale"]
[Black "Ditto"]
[WhiteElo "1660"]
[BlackElo "1780"]
[Result "1-0"]
[Round "1"]
1.e4 c5
2.Ng1f3 e6
3.Nb1c3 Nb8c6
4.d4 Ng8f6
5.Bc1g5 Bf8e7
6.dxc5 Be7xc5
7.a3 O-O
8.e5 h6
9.Bg5xf6 gxf6
10.Bf1d3 f5
11.O-O Kh7
12.Nc3a4 Bc5e7
13.Na4c3 Rf8g8
14.Qd1e2 Be7c5
15.Nc3a4 Bc5e7
16.Ra1d1 Rg8g6
17.b4 Qd8g8
18.g3 Kh8
19.Na4b2 f4
20.Bd3xg6 Qg8xg6
21.Nb2d3 fxg3
22.fxg3 b6
23.Nd3f4 Qg6f5
24.Nf3d4 Nc6xd4
25.Rd1xd4 a5
26.Nf4h5 Be7g5
27.Rf1xf5 exf5
28.Nh5f4 Kg7
29.Nf4h5 Kg6
30.Rd4d6 Kh7
31.Qe2f3 Ra8b8
32.Qf3xf5 Kg8
33.Nh5f6 Kf8
34.Nf6xd7 Ke8
35.e6 Ke7
36.Rd6xb6 Bg5e3
37.Kf1 Be3xb6
38.Qf5xf7 Kd6
39.Nd7xb8 Bc8xe6
40.Qf7f4 Ke7
41.Qf4xh6 axb4
42.axb4 Be6c4
43.Ke1 Bb6c7
44.Qh6c6 Bc7xb8
45.Qc6xc4 { resign }
1-0

[Event "Tourn. n9137"]
[Site "www.chess-mail.com"]
[Date "2016.12.29"]
[Round "1"]
[White "Attatroll"]
[Black "Louis"]
[WhiteElo "1920"]
[BlackElo "1950"]
[Result "0-1"]
[Round "1"]
1.e4 e5
2.d4 exd4
3.c3 d5
4.cxd4 dxe4
5.Nb1c3 Ng8f6
6.Bc1g5 Bf8e7
7.Ng1e2 O-O
8.Bg5xf6 Be7xf6
9.Nc3xe4 Rf8e8
10.Qd1d3 Bc8f5
11.Ne4xf6 Qd8xf6
12.Qd3f3 Nb8c6
13.O-O-O Nc6b4
14.Qf3b3 Qf6c6
15.Ne2c3 Qc6h6
16.Rd1d2 Re8e1
17.Nc3d1 a5
18.g3 Qh6c6
19.Rd2c2 Re1xd1
{ resign }
0-1

[Event "Tourn. n9088"]
[Site "www.chess-mail.com"]
[Date "2016.12.29"]
[Round "1"]
[White "Falcoale"]
[Black "Fred"]
[WhiteElo "1900"]
[BlackElo "1950"]
[Result "0-1"]
[Round "1"]
1.e4 e5
2.Ng1f3 Nb8c6
3.b3 Bf8c5
4.Bc1b2 d6
5.Bf1e2 Ng8f6
6.d3 h6
7.O-O Bc8e6
8.h3 O-O
9.Nb1c3 a6
10.Nf3h2 Nc6d4
11.a3 Nf6h7
12.b4 Bc5a7
13.Nh2f3 f5
14.Nf3xd4 Ba7xd4
15.Ra1b1 Qd8g5
16.exf5 Be6xf5
17.Nc3d5 Bf5xh3
18.Be2f3 Bd4xb2
19.Rb1xb2 c6
20.Nd5c7 Ra8c8
21.Kh1 Bh3d7
22.Nc7d5 cxd5
23.Bf3xd5 Kh8
24.c4 Nh7f6
25.Bd5xb7 Qg5h4
26.Kg1 Nf6g4
27.Qd1xg4 Bd7xg4
28.Bb7xc8 Bg4xc8
29.f3 Bc8b7
30.a4 Qh4d4
{ resign }
0-1

[Event "Tourn. n9035"]
[Site "www.chess-mail.com"]
[Date "2016.12.29"]
[Round "1"]
[White "Genius3"]
[Black "Cal"]
[WhiteElo "1650"]
[BlackElo "1670"]
[Result "1-0"]
[Round "1"]
1.d4 d5
2.c4 dxc4
3.e4 e6
4.Bf1xc4 a6
5.Nb1c3 Bf8b4
6.Ng1e2 h6
7.O-O Bb4xc3
8.Ne2xc3 b5
9.Bc4e2 Ng8e7
10.Bc1e3 c6
11.a3 Bc8b7
12.Qd1c2 O-O
13.f4 f6
14.Be2f3 Nb8d7
15.Ra1d1 Nd7b6
16.b3 Ne7g6
17.Rf1e1 Nb6c8
18.b4 Nc8d6
19.e5 fxe5
20.Qc2xg6 exf4
21.Qg6xe6 Rf8f7
22.Be3xf4 Nd6f5
23.Bf3h5 Qd8f8
24.Bh5xf7 Qf8xf7
25.Qe6xf7 Kxf7
26.Bf4e5 g5
27.Re1f1 Ra8e8
28.Rf1xf5 Kg6
29.Rd1f1 c5
30.bxc5 Bb7c8
31.Rf5f6 Kh5
32.h3 Bc8b7
33.g4 Kh4
34.Rf6xh6 { resign }
1-0

[Event "Tourn. n9095"]
[Site "www.chess-mail.com"]
[Date "2016.12.29"]
[Round "1"]
[White "Bojan"]
[Black "Falcoale"]
[WhiteElo "2060"]
[BlackElo "1900"]
[Result "1-0"]
[Round "1"]
1.e4 c5
2.Ng1f3 Nb8c6
3.d4 cxd4
4.Nf3xd4 e6
5.Nd4xc6 bxc6
6.b3 Bc8b7
7.f3 Ng8f6
8.Bc1b2 Bf8e7
9.Bf1d3 O-O
10.Nb1d2 d5
11.e5 Nf6d7
12.f4 f6
13.Nd2f3 Nd7c5
14.Bd3e2 Nc5d7
15.c4 fxe5
16.cxd5 exd5
17.fxe5 Rf8e8
18.O-O Qd8c7
19.Kh1 Be7c5
20.Qd1c2 Nd7xe5
21.Nf3xe5 Re8xe5
22.Bb2xe5 Qc7xe5
23.Ra1e1 Qe5g5
24.Rf1f3 Bc5b4
25.Re1f1 c5
26.Rf3h3 g6
27.Rh3g3 Qg5e5
28.Qc2d3 a5
29.Qd3f3 Ra8b8
30.Be2d3 Qe5e7
31.Bd3xg6 hxg6
32.Rg3xg6 Kh7
33.Qf3h5 { resign }
1-0

[Event "Tourn. n9089"]
[Site "www.chess-mail.com"]
[Date "2016.12.29"]
[Round "1"]
[White "Autmich"]
[Black "Madz123456"]
[WhiteElo "999"]
[BlackElo "1450"]
[Result "0-1"]
[Round "1"]
1.e4 g5
2.d4 h6
3.Nb1c3 d6
4.f4 c6
5.fxg5 Bf8g7
6.gxh6 Ng8xh6
7.Ng1f3 Bc8g4
8.Bf1e2 Qd8b6
9.Ra1b1 Bg4xf3
10.Be2xf3 Bg7xd4
11.Bc1d2 Nb8d7
12.Qd1e2 Nd7e5
13.a4 O-O-O
14.b4 Rd8g8
15.a5 Qb6d8
16.b5 Qd8xa5
17.Rb1b3 Nh6g4
18.Bf3xg4 Rg8xg4
19.Nc3d1 Qa5a4
20.bxc6 Qa4xc6
21.Bd2c3 Rg4xe4
22.Nd1e3 Re4xe3
{ resign }
0-1

[Event "Tourn. n9097"]
[Site "www.chess-mail.com"]
[Date "2016.12.29"]
[Round "1"]
[White "Seger"]
[Black "Piekki"]
[WhiteElo "2820"]
[BlackElo "2290"]
[Result "1-0"]
[Round "1"]
1.d4 Ng8f6
2.c4 e6
3.Ng1f3 c5
4.d5 exd5
5.cxd5 d6
6.e4 Bc8g4
7.Bf1e2 Nb8d7
8.Nb1c3 a6
9.O-O Bf8e7
10.a4 O-O
11.Bc1f4  { time }
1-0

[Event "Tourn. n9110"]
[Site "www.chess-mail.com"]
[Date "2016.12.29"]
[Round "1"]
[White "Libiesse"]
[Black "Pinehill"]
[WhiteElo "1970"]
[BlackElo "2050"]
[Result "1/2-1/2"]
[Round "1"]
1.d4 Ng8f6
2.c4 h6
3.Nb1c3 c5
4.d5 d6
5.Ng1f3 e6
6.e4 Bf8e7
7.Bc1e3 O-O
8.Nf3d2 a6
9.a4 Qd8a5
10.Bf1d3 Qa5b4
11.Qd1c2 e5
12.O-O Nb8d7
13.Ra1a3 Nf6e8
14.a5 b5
15.Rf1a1 bxc4
16.Nd2xc4 Ra8b8
17.Ra3a4 Qb4b3
18.Qc2c1 Kh7
19.Bd3c2 { draw }
1/2-1/2

[Event "Match"]
[Site "www.echecsemail.com"]
[Date "2016.12.29"]
[Round "1"]
[White "Glailton"]
[Black "Belgiumbart"]
[WhiteElo "1229"]
[BlackElo "999"]
[Result "1-0"]
[Round "1"]
1.e4 e5
2.Ng1f3 Nb8c6
3.Bf1c4 Ng8f6
4.Nf3g5 d5
5.exd5 Nf6xd5
6.Qd1f3 Qd8xg5
7.Bc4xd5 Bc8g4
8.Bd5xc6 Bg4d7
9.Bc6xb7 Ra8b8
10.Bb7c6 Kd8
11.Bc6xd7 Kxd7
12.O-O Bf8d6
13.d4 { resign }
1-0

[Event "Match"]
[Site "www.echecsemail.com"]
[Date "2016.12.29"]
[Round "1"]
[White "Rovaniaina"]
[Black "Rindrandria"]
[WhiteElo "1499"]
[BlackElo "1730"]
[Result "1-0"]
[Round "1"]
1.e4 e5
2.Ng1f3 Bf8c5
3.Nf3xe5 Qd8f6
4.d4 Bc5b6
5.Bf1c4 Qf6h4
6.Qd1f3 Ng8f6
7.O-O Bb6xd4
8.Bc4xf7 Ke7
9.Qf3a3 c5
10.Ne5f3 Qh4xe4
11.Nb1d2 Qe4f4
12.Qa3b3 { resign }
1-0

[Event "Match"]
[Site "www.echecsemail.com"]
[Date "2016.12.29"]
[Round "1"]
[White "Cal"]
[Black "Jobeye"]
[WhiteElo "1510"]
[BlackElo "2439"]
[Result "0-1"]
[Round "1"]
1.c4 g6
2.Nb1c3 Bf8g7
3.d4 c6
4.e4 Qd8b6
5.Ng1f3 d6
6.Bf1d3 Bg7xd4
7.Nc3a4 Bd4xf2
8.Kf1 Qb6b4
9.Kxf2 b5
10.Bc1d2 Qb4xa4
11.b3 Qa4a3
12.h3 Bc8e6
13.Qd1c2 bxc4
14.Bd3xc4 Be6xc4
15.Qc2xc4 Ng8f6
16.Bd2b4 Qa3b2
17.Nf3d2 c5
18.Bb4c3 Qb2a3
19.Bc3xf6 exf6
20.Qc4c3 Ke7
21.Rh1e1 Nb8c6
22.Nd2c4 Qa3a6
23.a3 Nc6e5
24.Re1e3 Ne5xc4
25.bxc4 Rh8b8
26.a4 Rb8b4
27.e5 fxe5
28.Re3e4 Qa6b7
29.Kf3 Rb4b3
30.Qc3xb3 Qb7xb3
31.Kg4 f5
{ resign }
0-1

[Event "Match"]
[Site "www.echecsemail.com"]
[Date "2016.12.29"]
[Round "1"]
[White "Jobeye"]
[Black "Joseph1983"]
[WhiteElo "2010"]
[BlackElo "2220"]
[Result "0-1"]
[Round "1"]
1.e4 c5
2.f4 e6
3.d4 cxd4
4.Qd1xd4 Nb8c6
5.Qd4f2 Ng8f6
6.Nb1c3 Bf8b4
7.Bf1d3 O-O
8.Bc1d2 Bb4e7
9.a3 d5
10.exd5 Nf6xd5
11.Nc3xd5 Qd8xd5
12.Qf2f3 Qd5d8
13.Bd2c3 Be7f6
14.Bc3xf6 Qd8xf6
15.O-O-O e5
16.fxe5 Qf6g5
17.Rd1d2 Nc6xe5
18.Qf3e4 Ne5xd3
19.Qe4xd3 Bc8f5
20.Qd3e2 Ra8c8
21.Ng1f3 Rc8xc2
22.Kd1 Rc2xd2
23.Qe2xd2 Qg5f6
24.Ke1 Rf8e8
25.Kf2 Re8d8
26.Qd2b4 b6
27.Rh1c1 Rd8c8
28.Rc1xc8 Bf5xc8
29.Qb4b5 Qf6e7
30.h3 Bc8b7
31.Nf3d4 g6
32.Nd4f3 Qe7f6
33.Qb5e8 Kg7
34.Qe8e5 Bb7xf3
35.Qe5xf6 Kxf6
36.gxf3 Ke5
37.Ke3 g5
38.b4 b5
39.Kd3 h5
40.Ke2 Kd4
41.Kd2 f5
42.Kc2 Ke3
{ resign }
0-1